LDR 01023nam a2200253 i 4500 001 000000057658 003 CaOOAMICUS 005 20260331105245.0 008 971017s1991 it u000 u ita u 020 $a88-403-6717-9 040 $aSeMil$bita 100 1 $aPianigiani, Ottorino.$0(OLS)http://semarc/name/3756 245 10$aVocabolario etimologico della lingua italiana /$cOttorino Pianigiani. 250 $a4. ed. 264 1$aLa Spezia :$bFratelli Melita,$c1991. 300 $aXXII, 1651 p. ;$c25 cm 650 4$aLingua italiana - Dizionari etimologici.$0(OLS)http://semarc/subject/170 850 $aSeMil 852 $aSeMil$W1$xVenegono$y1$m1P VI 15$j269404$B23812$CSeMilBibl$Z2$F23814 $81 961 $aOmaggio: Mezzanotti mons. Alessandro 996 $6020$a88-403-6717-9$9(OLS)http://semarc/number/33052 996 $6245$aVocabolario etimologico della lingua italiana$9(OLS)http://semarc/title/9653 996 $6264$aLa Spezia :$bFratelli Melita$9(OLS)http://semarc/publisher/31549